200 premiers mots de Harry Potter et les reliques de la mort - Statistiques

Statistiques générales
  • Ce quiz a été pris 2 119 fois
  • Le résultat moyen est 92 sur 195
Statistiques - réponses
Mots % Correct
l'
96%
à
93%
d'
93%
le
92%
Le
92%
de
89%
la
89%
C'
86%
il
84%
et
83%
et,
83%
Les
83%
les
83%
se
80%
— Des
78%
des
78%
— J'
78%
j'
78%
un
75%
au
69%
sa
69%
une
69%
qu'
68%
ai
67%
était
67%
je
66%
que
66%
en
65%
ils
65%
Mais
64%
mais
64%
Tu
63%
tu
63%
ne
62%
ne...
62%
par
61%
pas
60%
pas.
60%
qui
57%
autre,
56%
autre.
56%
plus
55%
sur
53%
sûr
53%
baguette
51%
dans
50%
grand
47%
as
46%
deux
46%
deux.
46%
leur
45%
avais
44%
peu
44%
dit
43%
hommes
43%
Rogue.
40%
Rogue
40%
sous
38%
toi.
38%
pensé.
37%
air
36%
aux
35%
cape
35%
leurs
35%
Severus
35%
chemin
30%
bien
29%
même
28%
part,
28%
marcher
26%
penses
26%
quelques
26%
allais
25%
cru
25%
demanda
25%
espère
25%
magique
25%
mètres
25%
Puis,
25%
tête
25%
mirent
24%
nouvelles ?
24%
sera
24%
difficile
22%
direction.
22%
lune.
22%
répondit
21%
dont
20%
Yaxley,
20%
arriver
19%
rangèrent
19%
capes
18%
éclairé
18%
nulle
18%
poitrine
18%
retard,
18%
arbres
17%
longues
17%
rythme
17%
vif
17%
droite,
16%
gauche
16%
visage
16%
chacun
15%
haie
15%
branches
14%
satisfait.
14%
serpe
14%
signe
14%
surgirent
14%
étroit
13%
haute
13%
instant,
13%
lorsqu'
13%
bordé
12%
Pendant
12%
seras
12%
coups
11%
— Excellentes,
11%
furent
11%
lueur
11%
pointant
11%
reçu ?
11%
taillé
11%
acquiesça
10%
autour
10%
chevilles
10%
reconnus,
10%
restèrent
10%
immobiles,
9%
parfaitement
8%
sauvages
8%
apparaissait
7%
disparaissait
7%
mûriers
7%
ondulaient
7%
basses
6%
endroits
6%
taillée.
6%
tiges
6%
masquaient
5%
soigneusement
5%
Aucun quiz correspondant
Distribution des résultats
% des personnes avec chaque résultat
Percentile par nombre de réponses
Votre historique - résultats
Vous n’avez pas pris ce quiz